| 000 | 00605nam a2200229 i 4500 | ||
|---|---|---|---|
| 001 | bg | ||
| 100 | 1 | _aGROCHOWSKI, Wiesław | |
| 245 | 1 | 0 |
_aJadalne owoce leśne / _cWiesław Grochowski. |
| 250 | _aWyd. 4. | ||
| 260 |
_aWarszawa : _bPaństwowe Wydaw. Rolnicze i Leśne, _c1986. |
||
| 300 |
_a242, [1] s. : _bfot. (w tym kolor.) ; _c19 cm. |
||
| 504 | _aIndeks. | ||
| 650 | 9 | _aRośliny leśne | |
| 650 | 9 | _aOwoce | |
| 020 | _a8309000219 | ||
| 040 | _cBPK | ||
| 041 | 0 | _apol | |
| 080 | _a630.16:634.7:582 | ||
| 920 | _a83-09-00021-9 | ||
| 942 | _cKS | ||
| 008 | s pl f |000 0 pol | ||
| 999 |
_c46917 _d46917 |
||
| 856 |
_uhttp://koha.tu.koszalin.pl/cgi-bin/koha/opac-detail.pl?biblionumber=46917 _yKatalog online BPK |
||